| 000 | 00440 a2200133 4500 | ||
|---|---|---|---|
| 005 | 20260429131417.0 | ||
| 020 | _a9789811917370 | ||
| 100 | _aTOMCZYK,L | ||
| 245 | _aDigital Literacy for Techers | ||
| 260 |
_aSingerpore _bSPRINGER _c2022 |
||
| 300 |
_a586;ill;graph,table _bReferences _c24cm |
||
| 700 | _aFEDELI,L | ||
| 942 |
_2ddc _cBKS |
||
| 999 |
_c6879 _d6879 |
||